Statistics for People that you should know in the first Percy Jackson series

Click here to take the quiz!

General Stats

  • This quiz has been taken 330 times
  • The average score is 14 of 15

Answer Stats

Hint Answer % Correct
Main characterPercy Jackson
100%
His girlfriendAnnabeth Chase
99%
Goddess of wisdomAthena
99%
God of thunder and lightningZeus
98%
Son of HadesNico di Angelo
98%
God of the seasPoseidon
97%
Boy that main character's girlfriend used to likeLuke Castellan
97%
Daughter of ZeusThalia Grace
97%
Main character's centaur friendChiron
96%
Daughter of HadesBianca di Angelo
93%
Daughter of AresClarisse Da Rue
93%
Titan that almost destroyed all of ManhattanKronos
92%
God of wineDionysus
91%
Main character's satyr friendGrover Underwood
90%
That Titan's wife/sisterRhea
52%

Score Distribution

Percentile by Number Answered

Percent of People with Each Score

Your Score History

You have not taken this quiz